Plan general de actividades del Instituto de Tierras y Colonización, 1971-1974
সংরক্ষণ করুন:
| সংস্থা লেখক: | |
|---|---|
| বিন্যাস: | পাঠ্য |
| প্রকাশিত: |
San José:
ITCO. Depto. de Planificación
|
| ট্যাগগুলো: |
ট্যাগ যুক্ত করুন
কোনো ট্যাগ নেই, প্রথমজন হিসাবে ট্যাগ করুন!
|
MARC
| LEADER | 00000 a a2200000 04500 | ||
|---|---|---|---|
| 001 | 17269 | ||
| 003 | |||
| 040 | |||
| 090 | |a 010900 | ||
| 110 | |a Instituto de Tierras y Colonización (Costa Rica) | ||
| 245 | |a Plan general de actividades del Instituto de Tierras y Colonización, 1971-1974 | ||
| 260 | |a San José: |b ITCO. Depto. de Planificación | ||
| 300 | |a 109 p. | ||
| 999 | |c 11070 |d 11070 | ||
